2020s albums - Statistics

General Stats
  • This quiz has been taken 13 times
  • The average score is 10 of 24
Answer Stats
Picture Answer % Correct
Call Me If You Get Lost - Tyler, The Creator
73%
Sour - Olivia Rodrigo
73%
30 - Adèle
64%
SOS - SZA
64%
Crash - Charli XCX
55%
Evermore - Taylor Swift
55%
Happier Than Ever - Billie Eilish
55%
Harry's House - Harry Styles
55%
Mr Morale and the Big Steppers- Kendrick Lamar
55%
Renaissance - Beyonce
55%
The Rise and Fall of a Midwest Princess - Chappell Roan
55%
American Dream - 21savage
45%
Future Nostalgia - Dua Lipa
45%
Montero - Lil Nas X
45%
Blue Banisters - Lana del Rey
36%
Solarpower - Lorde
36%
Un Verano Sin Ti - Bad Bunny
36%
The New Abnormal - The Strokes
27%
Hackney Diamonds - The Rolling Stones
18%
Red Moon in Venus - Kali Uchis
18%
Rush - Maneskin
18%
Traumazine - Megan Thee Stallion
18%
Born Pink - Blackpink
9%
My 21st Century Blues - Raye
9%
No matching quizzes found
Score Distribution
Percent of People with Each Score
Percentile by Number Answered
Your Score History
You have not taken this quiz